Construction site security
| Main Author: | Arata, Michael J |
|---|---|
| Published: |
New York:
McGraw-Hill,
2006.
|
| Subjects: |
| LEADER | 00561cam a2200169 7i4500 | ||
|---|---|---|---|
| 001 | 0000012996 | ||
| 005 | 20171117090000.0 | ||
| 020 | |a 0071460292 (hbk.) | ||
| 020 | |a 9780071460293 (hbk.) | ||
| 090 | 0 | 0 | |a TH9705 |b .A73 2006 |
| 100 | 1 | |a Arata, Michael J | |
| 245 | 1 | 0 | |a Construction site security |c Michael J. Arata, Jr.. |
| 260 | |a New York: |b McGraw-Hill, |c 2006. | ||
| 300 | |a x, 438 p.: |b ill.; |c 25 cm. | ||
| 650 | 0 | 0 | |a Building sites |
| 997 | |a Engineering & Life Sciences, Faculty |b Engineering, Department | ||
| 999 | |a 0000019505 |b BOK |c OPEN SHELF |e 2nd Floor, Bestari Jaya | ||


